Lisboa's Metro stations Quiz Stats

 Plays Quiz not verified by Sporcle

Support Sporcle.
Go Orange.
Score 0/55 Timer 07:00
0 Plays Today
Subway line Station % Correct
Linha Vermelha (Red line)Aeroporto
91.7%
Linha Vermelha (Red line)Oriente
91.7%
Linha Azul (Blue line)Baixa-Chiado
91.1%
Linha Verde (Green line)Baixa-Chiado
91.1%
Linha Amarela (Yellow line)Campo Grande
90.5%
Linha Verde (Green line)Campo Grande
90.5%
Linha Amarela (Yellow line)Campo Pequeno
89.3%
Linha Verde (Green line)Cais do Sodré
89.3%
Linha Amarela (Yellow line)Marquês de Pombal
87.5%
Linha Azul (Blue line)Marquês de Pombal
87.5%
Linha Azul (Blue line)Colégio Militar/Luz
86.3%
Linha Vermelha (Red line)Saldanha
84.9%
Linha Azul (Blue line)Jardim Zoológico
84.5%
Linha Verde (Green line)Rossio
84.5%
Linha Amarela (Yellow line)Rato
83.9%
Linha Verde (Green line)Alameda
83.9%
Linha Vermelha (Red line)Alameda
83.5%
Linha Amarela (Yellow line)Saldanha
83.3%
Linha Azul (Blue line)Restauradores
82.7%
Linha Amarela (Yellow line)Entre Campos
82.1%
Linha Azul (Blue line)Avenida
82.1%
Linha Verde (Green line)Roma
82.1%
Linha Azul (Blue line)Parque
81.5%
Linha Verde (Green line)Alvalade
81.5%
Linha Azul (Blue line)Santa Apolónia
81%
Linha Amarela (Yellow line)Odivelas
79.2%
Linha Azul (Blue line)São Sebastião
79.2%
Linha Verde (Green line)Martim Moniz
79.2%
Subway line Station % Correct
Linha Vermelha (Red line)Chelas
79.2%
Linha Azul (Blue line)Amadora Este
78%
Linha Vermelha (Red line)São Sebastião
77%
Linha Amarela (Yellow line)Cidade Universitária
76.8%
Linha Verde (Green line)Telheiras
76.8%
Linha Verde (Green line)Areeiro
75.6%
Linha Amarela (Yellow line)Picoas
74.4%
Linha Verde (Green line)Intendente
74.4%
Linha Vermelha (Red line)Olaias
74.4%
Linha Vermelha (Red line)Moscavide
73.2%
Linha Azul (Blue line)Laranjeiras
72%
Linha Azul (Blue line)Terreiro do Paço
71.4%
Linha Azul (Blue line)Praça de Espanha
70.8%
Linha Amarela (Yellow line)Lumiar
70.2%
Linha Verde (Green line)Arroios
69.6%
Linha Amarela (Yellow line)Senhor Roubado
67.3%
Linha Azul (Blue line)Alto dos Moinhos
67.3%
Linha Azul (Blue line)Pontinha
66.7%
Linha Verde (Green line)Anjos
66.1%
Linha Vermelha (Red line)Olivais
66.1%
Linha Vermelha (Red line)Bela Vista
64.3%
Linha Azul (Blue line)Carnide
62.5%
Linha Amarela (Yellow line)Quinta das Conchas
59.5%
Linha Vermelha (Red line)Cabo Ruivo
58.9%
Linha Amarela (Yellow line)Ameixoeira
58.3%
Linha Vermelha (Red line)Encarnação
57.1%
Linha Azul (Blue line)Alfornelos
48.2%

You're not logged in!

Compare scores with friends on all Sporcle quizzes.
OR
Log In

From the Vault

Brunette Cartoon Characters

by happybunnyfunny

Blondes may have more fun, but brunettes are definitely more cute when it comes to cartoons.
Remove Ads.
Support Sporcle.
Get the best of Sporcle when you Go Orange. This ad-free experience offers more features, more stats, and more fun while also helping to support Sporcle. Thank you for becoming a member.

Show Comments

Extras

Created Feb 8, 2011ReportNominate
Tags:metro

Top Quizzes Today


Score Distribution

Your Account Isn't Verified!

In order to create a playlist on Sporcle, you need to verify the email address you used during registration. Go to your Sporcle Settings to finish the process.

Report this User

Report this user for behavior that violates our Community Guidelines.

Details: